00313pab a2200121 454500008004000000100002300040245006700063260000900130300001300139362001200152650001400164773001300178180718b2002 xxu||||| |||| 00| 0 eng d aRay, Jayanta Kumar aMigration from (East Bengal/East Pakistan) Bangladesh to India c2002 ap.33-44. aJan-Mar aMigration aDialogue